Starożytne Cywilizacje - Quiz - Statystyki

Ogólne statystyki
  • Ten quiz został rozwiązany 94 razy
  • Średni wynik to 8 z 14
Statystyki odpowiedzi
Opis Cywilizacja (jaka) % Poprawnych
Wynalazcy porcelany Chińska
87%
Rządzona przez dynastię Achemenidów Perska
81%
Walczyli z Kartaginą w Wojnach Punickich Rzymska
78%
Zbudowano tam Wiszące Ogrody Semiramidy Babilońska
68%
Tworzyli poleis Grecka
68%
Podbili Greków i stworzyli imperium hellenisyczne Macedońska
65%
Wierzyli min. w boga Thota Egipska
60%
Zamieszkiwali okolice dzisiejszego Libanu Fenicka
49%
Twórcy pałacu w Knossos Minojska
48%
Wynalazcy systemu irygacyjnego Sumeryjska
43%
Twórcy 2 znaczących religii Indyjska
41%
Stworzyli pismo linearne B Mykeńska
40%
Słynęli z przesiedlania podbitej ludności Asyryjska
33%
Bogate tereny na południe od Egiptu Nubijska
24%
Nie znaleziono quizów pasujących do podanych kryteriów
Rozkład punktacji
Procent ludzi z każdym wynikiem
Percentyl według liczby udzielonych odpowiedzi
Twoja historia wyników
Nie rozwiązałeś tego quizu